| 000 | 00768nas a2200265 4500 | ||
|---|---|---|---|
| 001 | BR8502181 | ||
| 003 | BR-BrBNA | ||
| 005 | 20231205090200.0 | ||
| 007 | ta | ||
| 008 | 230509b bl.|||p| |||| 00| 00por d | ||
| 040 |
_aBR-BrBNA _bpor _cBiblioteca Nacional de Agricultura |
||
| 041 | _a(Pt) | ||
| 072 | _aL01 | ||
| 100 | 1 | _aBiondi, P. | |
| 100 | 1 | _aScott, W.N. | |
| 100 | 1 | _aFreitas, E.A.N. de | |
| 100 | 1 | _aSilva, L.R.M. da | |
| 245 | 1 | _aCriacao e producao de bovinos machos de racas leiteiras para o corte | |
| 650 | _aGADO LEITEIRO | ||
| 650 | _aGADO DE CORTE | ||
| 650 | _aCRIACAO | ||
| 773 | 0 |
_tZootecnia (Brazil) _xISSN 0044-5320 _g(Oct-Dec 1984), v. 22(4) p. 281-296 _wBR8502181 |
|
| 909 |
_a202311 _bLúcia _c55 _dLúcia Elande |
||
| 942 |
_2AGRIS _n0 _cANA |
||
| 999 |
_c116613 _d116613 |
||